| 000 | 01055nam a22003495 4500 | ||
|---|---|---|---|
| 001 | 120749 | ||
| 003 | ES-MaBCM | ||
| 005 | 20241016143601.0 | ||
| 008 | 051212s2005 esp spa d | ||
| 017 | _aB.45670-2005 | ||
| 020 | _a84-934658-3-6 | ||
| 021 | _axx | ||
| 035 | _a(OCoLC)1025190821 | ||
| 040 | _cES-MaBCM | ||
| 080 | _a32(460)"1931/1940" | ||
| 080 | _a32(460)"1975/1978" | ||
| 080 | _a321.7(460)"19" | ||
| 100 | 1 |
_aÁlvarez Tardío, Manuel _91422 |
|
| 245 | 0 | 0 |
_aEl camino a la democracia en España _b: 1931 y 1978 _cManuel Álvarez Tardío ; [prólogo de Rafael Arias-Salgado] |
| 260 |
_aBarcelona : _bGota a Gota, _c2005 |
||
| 300 |
_a514 p. ; _c24 cm |
||
| 490 | 0 |
_aColección azul ; _9108583 _v1 |
|
| 500 | _aÍndice onomástico: p. 505-514 | ||
| 504 | _aFuentes y bibliografía: p. 487-503 | ||
| 650 | 2 | 7 |
_aCambio de régimen político _957801 |
| 650 | 2 | 7 |
_aDemocracia _958263 |
| 650 | 2 | 4 |
_a1931-1940 _956582 |
| 650 | 2 | 4 |
_a1975-1978 _957022 |
| 650 | 4 |
_aS. XX _960396 |
|
| 651 | 2 | 4 |
_aEspaña _9115342 |
| 942 | _cBK | ||
| 999 |
_c120749 _d120749 |
||